[Event "SR Extraliga 2016/2017"]
[Site "?"]
[Date "2017.03.24"]
[Round "9.7"]
[White "Haring, Filip"]
[Black "Hrabusa, Matej"]
[Result "1/2-1/2"]
[WhiteElo "2308"]
[BlackElo "2333"]
[PlyCount "81"]
[EventDate "2016.??.??"]

1. e4 c5 2. Nf3 d6 3. d4 cxd4 4. Nxd4 Nf6 5. Nc3 a6 6. Be3 e5 7. Nb3 Be6 8. f4
exf4 9. Bxf4 Nc6 10. Qe2 Rc8 11. h3 Nb4 12. a3 Nh5 13. axb4 Nxf4 14. Qf3 Ng6
15. b5 a5 16. b6 Be7 17. Bb5+ Kf8 18. Nd4 Bh4+ 19. Ke2 Kg8 20. Nxe6 fxe6 21.
Qg4 Qe7 22. Nd5 Qf7 23. Raf1 h5 24. Rxf7 hxg4 25. Rc7 Rb8 26. Ne3 Bd8 27. Bd7
Nf8 28. Nxg4 Rh7 29. Rd1 d5 30. exd5 exd5 31. Rxd5 g6 32. Ne5 Re7 33. Kd3 Kg7
34. c4 Kf6 35. Ng4+ Kg7 36. Kc3 Rf7 37. b3 Re7 38. Ne5 Kf6 39. Ng4+ Kg7 40. Rd6
Rf7 41. Rd5 1/2-1/2

[Event "SR Extraliga 2016/2017"]
[Site "?"]
[Date "2017.03.24"]
[Round "9.8"]
[White "Mraz, Ondrej"]
[Black "Magat, Jozef"]
[Result "1/2-1/2"]
[WhiteElo "2174"]
[BlackElo "2078"]
[PlyCount "58"]
[EventDate "2016.??.??"]

1. e4 c6 2. d4 d5 3. e5 Bf5 4. Nf3 e6 5. Be2 c5 6. c4 Bxb1 7. Rxb1 Nc6 8. Qa4
dxc4 9. Bxc4 a6 10. dxc5 Bxc5 11. b4 b5 12. Bxb5 axb5 13. Qxb5 Bxf2+ 14. Kxf2
Rxa2+ 15. Rb2 Rxb2+ 16. Bxb2 Nge7 17. Rc1 Qd7 18. Qc5 O-O 19. b5 Na5 20. Nd4
Nd5 21. Ra1 Nb7 22. Qc6 Qe7 23. Kg1 Qb4 24. Rb1 Nc5 25. Nc2 Qc4 26. Na3 Qb4 27.
Nc2 Qc4 28. Na3 Qb4 29. Nc2 Qc4 1/2-1/2

[Event "SR Extraliga 2016/2017"]
[Site "?"]
[Date "2017.03.24"]
[Round "9.1"]
[White "Bures, Jaroslav"]
[Black "Druska, Juraj"]
[Result "1/2-1/2"]
[WhiteElo "2383"]
[BlackElo "2437"]
[PlyCount "42"]
[EventDate "2016.??.??"]

1. d4 Nf6 2. c4 e6 3. Nc3 Bb4 4. Qc2 O-O 5. Nf3 d6 6. a3 Bxc3+ 7. Qxc3 b6 8. g3
Bb7 9. Bg2 Nbd7 10. O-O Qe7 11. b4 c5 12. dxc5 bxc5 13. Be3 Rfc8 14. Rfd1 d5
15. bxc5 Nxc5 16. Ne5 dxc4 17. Nxc4 Bxg2 18. Nd6 Nd5 19. Rxd5 Bxd5 20. Nxc8
Rxc8 21. Rc1 Bb7 1/2-1/2

[Event "SR Extraliga 2016/2017"]
[Site "?"]
[Date "2017.03.24"]
[Round "9.2"]
[White "Leniart, Arkadiusz"]
[Black "Bednar, Milan"]
[Result "0-1"]
[WhiteElo "2489"]
[BlackElo "2249"]
[PlyCount "132"]
[EventDate "2016.??.??"]

1. e4 c5 2. Nf3 e6 3. d4 cxd4 4. Nxd4 d6 5. g3 Nf6 6. Bg2 Be7 7. O-O O-O 8. c4
a6 9. b3 Nbd7 10. Nc3 Qc7 11. Bb2 Rb8 12. Rc1 b6 13. f4 Re8 14. g4 Nf8 15. g5
N6d7 16. Kh1 Bb7 17. Qh5 Nc5 18. Rcd1 Ng6 19. f5 exf5 20. exf5 Bxg2+ 21. Kxg2
Ne5 22. Nd5 Qb7 23. f6 g6 24. Qe2 Bf8 25. Nf3 Ng4 26. Qd2 b5 27. h3 Ne5 28.
cxb5 axb5 29. Nf4 Nxf3 30. Rxf3 Ne4 31. Qd5 Qa7 32. Re1 Qxa2 33. Rxe4 Rxe4 34.
Qxe4 Qxb2+ 35. Kg3 Qc1 36. Qe3 Qc5 37. h4 Qc6 38. Qd4 Re8 39. Nd5 Re5 40. Rd3
Qc1 41. Rd1 Qc2 42. Qd3 Qc5 43. Qd4 Qc8 44. Rd3 Qe6 45. Nc7 Qf5 46. Re3 h5 47.
Rxe5 dxe5 48. Qd8 Qg4+ 49. Kf2 Qxh4+ 50. Ke2 Qe4+ 51. Kf1 Qb1+ 52. Ke2 Qc2+ 53.
Kf1 Qb1+ 54. Ke2 Qa2+ 55. Kf1 Qa5 56. Qd7 Qa7 57. b4 Qb7 58. Qd8 Qb6 59. Ke2 h4
60. Qd7 Qb7 61. Qd8 Qb6 62. Qd7 Qd6 63. Qxd6 Bxd6 64. Nxb5 Bxb4 65. Kf3 Bd2 66.
Kg4 Bxg5 0-1

[Event "SR Extraliga 2016/2017"]
[Site "?"]
[Date "2017.03.24"]
[Round "9.3"]
[White "Istona, Martin"]
[Black "Manik, Mikulas"]
[Result "1/2-1/2"]
[WhiteElo "2255"]
[BlackElo "2429"]
[PlyCount "37"]
[EventDate "2016.??.??"]

1. e4 c5 2. Nf3 d6 3. d4 cxd4 4. Nxd4 Nf6 5. Nc3 a6 6. Nb3 Nc6 7. Be3 e6 8. g4
b5 9. g5 b4 10. Nd5 Nd7 11. Nf4 Bb7 12. h4 Nce5 13. f3 Rc8 14. Qe2 Qc7 15. Rh2
a5 16. Nd4 Nc4 17. Qxc4 Qxc4 18. Bxc4 Rxc4 19. Nb3 1/2-1/2

[Event "SR Extraliga 2016/2017"]
[Site "?"]
[Date "2017.03.24"]
[Round "9.4"]
[White "Mikrut, Dariusz"]
[Black "Holecko, Rastislav"]
[Result "1-0"]
[WhiteElo "2396"]
[BlackElo "2243"]
[PlyCount "77"]
[EventDate "2016.??.??"]

1. d4 Nf6 2. Bg5 c6 3. Nc3 d5 4. Qd2 Bf5 5. f3 h6 6. Bf4 e6 7. g4 Bh7 8. h4 Bd6
9. Nh3 Qc7 10. O-O-O Nbd7 11. Bxd6 Qxd6 12. Nf4 e5 13. dxe5 Nxe5 14. g5 Nfd7
15. e4 d4 16. Be2 Qc7 17. Qxd4 Nxf3 18. Qxd7+ Qxd7 19. Rxd7 Kxd7 20. Bxf3 Ke7
21. Rg1 hxg5 22. Rxg5 Kf8 23. Kd2 Re8 24. h5 Bg8 25. Ke3 Rh6 26. Nce2 Bh7 27.
Nd4 Rd6 28. Nf5 Bxf5 29. Rxf5 Kg8 30. Be2 Rd7 31. Bc4 Rde7 32. Kf3 b5 33. Bb3
Rd8 34. Ng6 Rc7 35. Ne5 Rf8 36. Kf4 a5 37. a3 a4 38. Ba2 c5 39. Bd5 1-0

[Event "SR Extraliga 2016/2017"]
[Site "?"]
[Date "2017.03.24"]
[Round "9.5"]
[White "Kravec, Patrik"]
[Black "Kusiak, Matej"]
[Result "0-1"]
[WhiteElo "2046"]
[BlackElo "2307"]
[PlyCount "86"]
[EventDate "2016.??.??"]

1. Nf3 Nf6 2. g3 d5 3. Bg2 c5 4. O-O Nc6 5. d3 e5 6. Bg5 Be7 7. Nfd2 h6 8. Bxf6
Bxf6 9. Nc3 Be6 10. e4 d4 11. Nd5 O-O 12. c4 dxc3 13. bxc3 b5 14. Re1 Rb8 15.
Nf1 Be7 16. Nfe3 Qd7 17. f4 exf4 18. gxf4 f5 19. exf5 Bxd5 20. Bxd5+ Kh8 21.
Qf3 Nd8 22. Ng4 Bf6 23. Nxf6 Rxf6 24. Qe4 Nf7 25. Be6 Qc7 26. d4 Nd6 27. Qe5
cxd4 28. cxd4 Rbf8 29. Qc5 Qxc5 30. dxc5 Nxf5 31. Rad1 Nh4 32. Re3 Nf3+ 33. Kh1
Rxf4 34. Red3 Ng5 35. Bd7 Ne4 36. c6 Nf2+ 37. Kg1 Nxd3 38. c7 Rc4 39. c8=Q
Rcxc8 40. Bxc8 Rxc8 41. Rxd3 Rc1+ 42. Kf2 Rc2+ 43. Kg3 Rxa2 0-1

[Event "SR Extraliga 2016/2017"]
[Site "?"]
[Date "2017.03.24"]
[Round "9.6"]
[White "Jacko, Vladimir"]
[Black "Goban, Marek"]
[Result "1-0"]
[WhiteElo "2294"]
[BlackElo "2062"]
[PlyCount "61"]
[EventDate "2016.??.??"]

1. e4 d6 2. d4 Nf6 3. Nc3 g6 4. Be3 Bg7 5. Qd2 Ng4 6. Bg5 h6 7. Bh4 Nc6 8. f3
Nf6 9. d5 Nb8 10. O-O-O c6 11. dxc6 Nxc6 12. Bc4 Bd7 13. Nge2 Rc8 14. Bb3 Na5
15. Kb1 Nxb3 16. axb3 Bc6 17. g4 Qa5 18. Bxf6 Bxf6 19. Nd5 Qxd2 20. Nxf6+ exf6
21. Rxd2 Ke7 22. Rhd1 Rcd8 23. Ng3 Rd7 24. h4 Rhd8 25. c4 b6 26. h5 Kf8 27.
hxg6 fxg6 28. Ne2 Kf7 29. Nd4 Rc8 30. Rh2 Kg7 31. Rdh1 1-0

[Event "SR Extraliga 2016/2017"]
[Site "?"]
[Date "2017.03.24"]
[Round "9.7"]
[White "Cuker, Dusan"]
[Black "Zambor, Norbert"]
[Result "0-1"]
[WhiteElo "2091"]
[BlackElo "2285"]
[PlyCount "82"]
[EventDate "2016.??.??"]

1. Nf3 c5 2. c4 Nc6 3. Nc3 e5 4. g3 g6 5. Bg2 Bg7 6. O-O Nge7 7. d3 O-O 8. Ne1
d6 9. Nc2 Be6 10. Ne3 Rb8 11. a3 a6 12. Ned5 b5 13. Bd2 bxc4 14. dxc4 Rxb2 15.
Rb1 Rxb1 16. Qxb1 h6 17. Qb7 Bc8 18. Qb1 Kh7 19. Nxe7 Nxe7 20. Rd1 Be6 21. Qd3
Bf5 22. e4 Bg4 23. f3 Be6 24. Be3 Qa5 25. Nd5 Nxd5 26. exd5 Bd7 27. f4 Qa4 28.
fxe5 Bxe5 29. Bc1 Bf5 30. Qe2 Re8 31. Qf1 Re7 32. Kh1 Qb3 33. Rd2 Bc3 34. Re2
Rxe2 35. Qxe2 Bg7 36. Bf1 Qb1 37. Qd2 Be4+ 38. Bg2 Bxg2+ 39. Kxg2 Qe4+ 40. Kf1
Qxc4+ 41. Kf2 Bd4+ 0-1

[Event "SR Extraliga 2016/2017"]
[Site "?"]
[Date "2017.03.24"]
[Round "9.8"]
[White "Holtman, Teodor"]
[Black "Kriz, Mario"]
[Result "1/2-1/2"]
[WhiteElo "2296"]
[BlackElo "2167"]
[PlyCount "130"]
[EventDate "2016.??.??"]

1. e4 c5 2. Nf3 Nc6 3. Nc3 e5 4. Bc4 Be7 5. d3 d6 6. O-O Be6 7. Nd5 Qd7 8. Ng5
Bxg5 9. Bxg5 Nge7 10. a4 h6 11. Be3 Ng6 12. c3 Rc8 13. Qd2 Qd8 14. b4 Nce7 15.
Rfb1 Bxd5 16. exd5 b6 17. Bb5+ Kf8 18. Ba6 Rb8 19. Qa2 Kg8 20. bxc5 dxc5 21. c4
Kh7 22. a5 f5 23. axb6 axb6 24. Qe2 Rf8 25. Bd2 f4 26. Qg4 Rf5 27. h4 h5 28.
Qh3 Rf6 29. Bb5 Nf5 30. Ra7 Ngxh4 31. Bd7 Rf7 32. Bxf5+ Rxf5 33. Kf1 Kg8 34. f3
Qg5 35. Be1 Ng6 36. Bf2 Nf8 37. Bxc5 Rf6 38. Be7 Qg6 39. Ra3 Rf7 40. Bc5 Kh8
41. Bf2 Nd7 42. Qe6 Nf6 43. Rxb6 Rff8 44. Kg1 Rbe8 45. Qd6 Qg5 46. Ra2 h4 47.
Kh2 h3 48. gxh3 Qh5 49. Qa3 Qxf3 50. Re6 Qh5 51. Rxe8 Rxe8 52. Qc1 Ng4+ 53. Kg2
f3+ 54. Kg3 Nf6 55. Be3 e4 56. d4 Qf5 57. Kh2 Rg8 58. Qg1 g5 59. Qg3 g4 60.
Qh4+ Nh5 61. hxg4 Rxg4 62. Ra8+ Kh7 63. Ra7+ Kh8 64. Ra8+ Kh7 65. Ra7+ Kh8
1/2-1/2

[Event "SR Extraliga 2016/2017"]
[Site "?"]
[Date "2017.03.24"]
[Round "9.1"]
[White "Cernousek, Lukas"]
[Black "Cvek, Robert"]
[Result "1/2-1/2"]
[WhiteElo "2456"]
[BlackElo "2513"]
[PlyCount "115"]
[EventDate "2016.??.??"]

1. e4 e6 2. d4 d5 3. Nc3 Nf6 4. e5 Nfd7 5. f4 c5 6. Nf3 Nc6 7. Be3 a6 8. Qd2 b5
9. dxc5 Bxc5 10. Bd3 Qb6 11. Bf2 Bb7 12. a3 h6 13. O-O Bxf2+ 14. Rxf2 O-O 15.
Re1 b4 16. axb4 Qxb4 17. f5 d4 18. Ne4 Qxd2 19. Nexd2 Nc5 20. Bc4 exf5 21. Nh4
Nb4 22. Nxf5 Nxc2 23. Rc1 d3 24. Nd6 Nd4 25. b4 Nce6 26. Nxb7 Ne2+ 27. Rxe2
dxe2 28. Bxe2 Rfb8 29. Bf3 Nd4 30. Nd6 Nxf3+ 31. gxf3 Rxb4 32. N2c4 a5 33. Rc3
a4 34. Kf2 Rb3 35. Rxb3 axb3 36. Nb2 Ra1 37. Ndc4 Rc1 38. Ne3 g5 39. Ke2 Rb1
40. Ned1 Rc1 41. Kd3 Rc2 42. Nc4 Rxh2 43. Nd2 h5 44. Nxb3 h4 45. Ke3 Ra2 46.
Nd2 h3 47. Nf2 h2 48. Nde4 Kg7 49. Ng3 Kg6 50. Nfh1 Ra1 51. Kf2 Rg1 52. Ke3 f5
53. exf6 Kxf6 54. f4 g4 55. Ke4 Re1+ 56. Kd4 Ke6 57. Nf2 Rg1 58. f5+ 1/2-1/2

[Event "SR Extraliga 2016/2017"]
[Site "?"]
[Date "2017.03.24"]
[Round "9.2"]
[White "Pechac, Jergus"]
[Black "Plat, Vojtech"]
[Result "1/2-1/2"]
[WhiteElo "2444"]
[BlackElo "2510"]
[PlyCount "44"]
[EventDate "2016.??.??"]

1. d4 Nf6 2. c4 e6 3. Nc3 Bb4 4. Nf3 b6 5. e3 Bb7 6. Bd3 Ne4 7. Qc2 Bxc3+ 8.
bxc3 f5 9. O-O O-O 10. Nd2 Nxd2 11. Bxd2 Qh4 12. f3 d6 13. Be1 Qh6 14. e4 fxe4
15. Bxe4 Qe3+ 16. Bf2 Bxe4 17. fxe4 Qg5 18. e5 dxe5 19. Qe4 Nd7 20. Qc6 Qe7 21.
Qxc7 exd4 22. Bxd4 e5 1/2-1/2

[Event "SR Extraliga 2016/2017"]
[Site "?"]
[Date "2017.03.24"]
[Round "9.3"]
[White "Roubalik, Jakub"]
[Black "Rohacek, Miroslav"]
[Result "1/2-1/2"]
[WhiteElo "2403"]
[BlackElo "2287"]
[PlyCount "111"]
[EventDate "2016.??.??"]

1. d4 d5 2. c4 c6 3. Nc3 Nf6 4. e3 a6 5. Nf3 b5 6. b3 Bg4 7. Be2 e6 8. O-O Be7
9. h3 Bh5 10. Bb2 O-O 11. g4 Bg6 12. Ne5 Nfd7 13. Nxg6 hxg6 14. Rc1 Ra7 15. Bf3
Nb6 16. c5 N6d7 17. Bg2 e5 18. dxe5 Bxc5 19. e4 d4 20. Ne2 Bb6 21. Bxd4 Re8 22.
Bxb6 Qxb6 23. Qd4 Qxd4 24. Nxd4 Nxe5 25. f4 Rd7 26. Nc2 Nd3 27. Rcd1 Red8 28.
Ne3 Nb4 29. Rxd7 Rxd7 30. a3 Na2 31. g5 Rd3 32. Ng4 Nd7 33. Re1 Nc5 34. Ne5
Rxb3 35. Rd1 Ne6 36. f5 gxf5 37. exf5 Nxg5 38. Rd8+ Kh7 39. h4 Re3 40. Re8 f6
41. hxg5 Rxe5 42. Rxe5 fxe5 43. Bxc6 b4 44. axb4 Nxb4 45. Ba4 Nd5 46. Kf2 a5
47. Bc6 Nb4 48. Bb5 Nc2 49. Bd3 Nd4 50. Ke3 Kg8 51. Ke4 Kf8 52. Kxe5 Nf3+ 53.
Kf4 Nd4 54. Ke3 Nc6 55. Bb5 Nd8 56. Kf4 1/2-1/2

[Event "SR Extraliga 2016/2017"]
[Site "?"]
[Date "2017.03.24"]
[Round "9.4"]
[White "Jablonicky, Martin"]
[Black "Zpevak, Pavel"]
[Result "1/2-1/2"]
[WhiteElo "2271"]
[BlackElo "2355"]
[PlyCount "93"]
[EventDate "2016.??.??"]

1. d4 Nf6 2. Bf4 e6 3. e3 b6 4. Nf3 Be7 5. h3 O-O 6. Bd3 Bb7 7. Nbd2 c5 8. c3
Ba6 9. Bxa6 Nxa6 10. O-O Nb8 11. Nc4 d5 12. Nce5 Ne4 13. Qa4 Qe8 14. Qxe8 Rxe8
15. Rfd1 f6 16. Nd3 Nc6 17. Nd2 Nxd2 18. Rxd2 Rac8 19. f3 Red8 20. Re1 Kf7 21.
Rde2 Bf8 22. g4 Rd7 23. Bg3 Re8 24. Kg2 Rdd8 25. h4 Rd7 26. Nf2 Red8 27. Rd1
Na5 28. dxc5 bxc5 29. b3 Bd6 30. Bxd6 Rxd6 31. Red2 Ke7 32. e4 dxe4 33. Nxe4
Rxd2+ 34. Rxd2 Rxd2+ 35. Nxd2 Kd6 36. Kf2 Kd5 37. Ke3 Nb7 38. Ne4 Nd8 39. h5 h6
40. c4+ Kc6 41. f4 Nf7 42. a3 a5 43. Kd3 Nd6 44. Nxd6 Kxd6 45. Ke4 Kc6 46. f5
e5 47. a4 1/2-1/2

[Event "SR Extraliga 2016/2017"]
[Site "?"]
[Date "2017.03.24"]
[Round "9.5"]
[White "Motuz, Karol"]
[Black "Karas, Marek"]
[Result "0-1"]
[WhiteElo "2372"]
[BlackElo "2267"]
[PlyCount "116"]
[EventDate "2016.??.??"]

1. d4 Nf6 2. c4 e6 3. Nc3 Bb4 4. e3 O-O 5. Bd3 d5 6. cxd5 exd5 7. Nge2 c6 8.
O-O a5 9. a3 Bd6 10. Ng3 Na6 11. Bd2 Nc7 12. Re1 Re8 13. Qc2 Ne6 14. Rab1 g6
15. b4 axb4 16. axb4 Ng7 17. b5 Bxg3 18. hxg3 Bf5 19. bxc6 bxc6 20. Rec1 h5 21.
f3 Qd6 22. Ne2 Bxd3 23. Qxd3 Nf5 24. Kf2 Ra3 25. Rb3 Rxb3 26. Qxb3 h4 27. gxh4
Qh2 28. Qb6 Nxh4 29. Rg1 Nxf3 30. Kxf3 Ne4 31. Be1 Re6 32. Qd8+ Kg7 33. Qh4
Rf6+ 34. Nf4 Qxg1 35. Ke2 Rxf4 36. Qxf4 Qxg2+ 37. Kd3 Qg5 38. Qb8 Qf5 39. Bb4
Nc5+ 40. Ke2 Qc2+ 41. Kf1 Qd1+ 42. Kg2 Qe2+ 43. Kh1 Qf3+ 44. Kh2 Ne4 45. Qe5+
Qf6 46. Qxf6+ Kxf6 47. Kg2 Kf5 48. Kf3 g5 49. Be1 g4+ 50. Ke2 Nf6 51. Bh4 Nh5
52. Kd3 g3 53. Ke2 Kg4 54. Be7 Ng7 55. Bd6 Ne6 56. Bb8 Ng5 57. Bc7 Nh3 58. Bd6
g2 0-1

[Event "SR Extraliga 2016/2017"]
[Site "?"]
[Date "2017.03.24"]
[Round "9.6"]
[White "Gasa, Andrej"]
[Black "Vojtek, Vladimir"]
[Result "1/2-1/2"]
[WhiteElo "2274"]
[BlackElo "2268"]
[PlyCount "86"]
[EventDate "2016.??.??"]

1. e4 e5 2. Nf3 Nc6 3. Bb5 a6 4. Ba4 b5 5. Bb3 Na5 6. O-O d6 7. Re1 Bb7 8. d4
Nf6 9. dxe5 Nxb3 10. axb3 Nxe4 11. exd6 Bxd6 12. Bg5 Qd7 13. Nc3 f5 14. Nd2 O-O
15. Ndxe4 fxe4 16. Bh4 Rae8 17. Bg3 Qf5 18. Qd2 e3 19. Rxe3 Rxe3 20. fxe3 Bxg3
21. hxg3 Qe5 22. Rf1 Re8 23. Qf2 h6 24. Qf7+ Kh8 25. Qf4 Qxe3+ 26. Qxe3 Rxe3
27. Kf2 Re5 28. Rd1 b4 29. Ne2 Be4 30. Rd2 Kh7 31. c3 a5 32. Rd7 c6 33. Nd4 c5
34. Nf3 Re6 35. Ra7 Bd3 36. Rxa5 Re2+ 37. Kg1 c4 38. bxc4 b3 39. Rb5 Rxb2 40.
Rb4 Rb1+ 41. Kh2 b2 42. Nd2 Rc1 43. Rxb2 Rxc3 1/2-1/2

[Event "SR Extraliga 2016/2017"]
[Site "?"]
[Date "2017.03.24"]
[Round "9.7"]
[White "Veres, Andrej"]
[Black "Jozefek, Michal"]
[Result "1-0"]
[WhiteElo "2237"]
[BlackElo "2184"]
[PlyCount "65"]
[EventDate "2016.??.??"]

1. d4 Nf6 2. Nf3 e6 3. g3 b5 4. Bg2 Bb7 5. O-O Be7 6. c4 bxc4 7. Qa4 O-O 8.
Qxc4 d5 9. Qa4 c5 10. dxc5 Bxc5 11. b4 Bb6 12. Bb2 Nbd7 13. Nc3 a5 14. b5 Nc5
15. Qh4 Nfe4 16. Qh5 Nxc3 17. Bxc3 f6 18. Nd4 e5 19. Nc6 Bxc6 20. bxc6 Ne4 21.
Bxe4 dxe4 22. Rfd1 Qc7 23. Rac1 Rac8 24. Be1 e3 25. Qf3 Qa7 26. Qd5+ Rf7 27. f3
Qa8 28. Qb5 Qa7 29. Rd7 Rxd7 30. cxd7 Rd8 31. Rc6 Bd4 32. Qd5+ Kf8 33. Bxa5 1-0

[Event "SR Extraliga 2016/2017"]
[Site "?"]
[Date "2017.03.24"]
[Round "9.8"]
[White "Spacek, Oliver"]
[Black "Kovacik, Emil"]
[Result "1-0"]
[WhiteElo "2211"]
[BlackElo "2111"]
[PlyCount "63"]
[EventDate "2016.??.??"]

1. d4 d5 2. Nf3 Nf6 3. Bf4 c6 4. e3 Qb6 5. b3 Bg4 6. Be2 Nbd7 7. h3 Bh5 8. O-O
e6 9. Nbd2 Be7 10. c4 O-O 11. a3 a5 12. c5 Qa7 13. b4 Ne4 14. Rc1 axb4 15. axb4
Nxd2 16. Qxd2 Rfc8 17. b5 Bxf3 18. Bxf3 cxb5 19. Qb2 Qa5 20. e4 e5 21. Ra1 Qc7
22. Bg3 Qd8 23. Rxa8 Rxa8 24. exd5 exd4 25. d6 Bf6 26. Bxb7 Nxc5 27. Bxa8 Qxa8
28. Qxb5 Ne4 29. d7 g6 30. Be5 Nc3 31. Qc5 Bd8 32. Re1 1-0

[Event "SR Extraliga 2016/2017"]
[Site "?"]
[Date "2017.03.24"]
[Round "9.1"]
[White "Balogh, Csaba"]
[Black "Balog, Imre"]
[Result "1-0"]
[WhiteElo "2632"]
[BlackElo "2560"]
[PlyCount "131"]
[EventDate "2016.??.??"]

1. e4 e6 2. d4 d5 3. Nd2 Nc6 4. Ngf3 Nf6 5. e5 Nd7 6. Bd3 f6 7. exf6 Nxf6 8.
O-O Bd6 9. Re1 O-O 10. c3 Nh5 11. Nf1 Nf4 12. Bxf4 Rxf4 13. Ne3 Bd7 14. g3 Rf8
15. Ng4 Be8 16. Nfe5 Ne7 17. Qc2 Nf5 18. Ne3 g6 19. Bxf5 exf5 20. Nxd5 g5 21.
Qb3 Kh8 22. Qxb7 Rb8 23. Nc6 Bxc6 24. Qxc6 Rxb2 25. Rab1 Rxb1 26. Rxb1 f4 27.
c4 Qc8 28. Nc3 f3 29. Nd5 Qf5 30. Re1 Bb4 31. Ne3 Qd3 32. Rd1 Qe2 33. Qh6 Be7
34. c5 Qxa2 35. Qc6 Bd8 36. d5 a5 37. d6 Qe6 38. Qb5 cxd6 39. cxd6 h6 40. d7
Kg7 41. Rd5 Rf7 42. Qd3 Rf6 43. Nf5+ Kh8 44. Qxf3 a4 45. g4 h5 46. h3 a3 47.
Rd1 a2 48. Qa8 Rf8 49. Qa3 Rf7 50. Qb2+ Kh7 51. Qc2 Kg8 52. Ra1 Rxd7 53. Qxa2
Qxa2 54. Rxa2 hxg4 55. hxg4 Kf7 56. Ra6 Bf6 57. Nd6+ Kf8 58. Ne4 Bd8 59. Kg2
Kf7 60. Nd6+ Kg7 61. Kf3 Be7 62. Nf5+ Kf7 63. Ke4 Bc5 64. Ke5 Bxf2 65. Rf6+ Ke8
66. Nd6+ 1-0

[Event "SR Extraliga 2016/2017"]
[Site "?"]
[Date "2017.03.24"]
[Round "9.2"]
[White "Kriebel, Tadeas"]
[Black "Michalik, Peter"]
[Result "0-1"]
[WhiteElo "2465"]
[BlackElo "2578"]
[PlyCount "62"]
[EventDate "2016.??.??"]

1. e4 e5 2. d4 exd4 3. Qxd4 Nc6 4. Qe3 Nf6 5. Nc3 Bb4 6. Bd2 O-O 7. O-O-O Re8
8. Qg3 Nxe4 9. Nxe4 Rxe4 10. c3 Be7 11. f4 d5 12. Bd3 Bf5 13. Nf3 Qd7 14. Bxe4
Bxe4 15. Be3 Na5 16. Bd4 f6 17. Rhe1 Qa4 18. Rxe4 dxe4 19. Nh4 Qb5 20. Qg4 Nc4
21. b3 Nd6 22. c4 Qc6 23. Qe6+ Kf8 24. g4 Re8 25. g5 Bd8 26. Qg4 fxg5 27. fxg5
Nf7 28. Nf5 Bxg5+ 29. Kb1 e3 30. Nxe3 Rxe3 31. Bxe3 Qg6+ 0-1

[Event "SR Extraliga 2016/2017"]
[Site "?"]
[Date "2017.03.24"]
[Round "9.3"]
[White "Rigo, Zsolt"]
[Black "Schwarz, Dusan"]
[Result "1-0"]
[WhiteElo "2388"]
[BlackElo "2319"]
[PlyCount "87"]
[EventDate "2016.??.??"]

1. e4 c5 2. Nf3 d6 3. d4 cxd4 4. Qxd4 Nc6 5. Bb5 Bd7 6. Qd3 Nf6 7. c4 g6 8. Nc3
Bg7 9. O-O O-O 10. h3 Rc8 11. Be3 a6 12. Bxc6 Bxc6 13. Nd4 Nd7 14. Rac1 Nc5 15.
Qc2 Ne6 16. Nxe6 fxe6 17. Qb3 Qd7 18. f3 Be5 19. Rfd1 Rf7 20. Rd2 Kh8 21. c5
Rg8 22. Bd4 Bxd4+ 23. Rxd4 e5 24. Rd3 Rf6 25. Nd5 Bxd5 26. Qxd5 Rc8 27. Qxe5
Qc7 28. Rxd6 b6 29. Re6 Qxe5 30. Rxe5 Rfc6 31. Rxe7 Rxc5 32. Rxc5 Rxc5 33. Re6
Rb5 34. b3 a5 35. Re7 a4 36. bxa4 Ra5 37. Rb7 Rxa4 38. Rxb6 Rxa2 39. Rb7 Kg8
40. Kh2 g5 41. Rb5 h6 42. h4 g4 43. Kg3 gxf3 44. gxf3 1-0

[Event "SR Extraliga 2016/2017"]
[Site "?"]
[Date "2017.03.24"]
[Round "9.4"]
[White "Straka, Jozef"]
[Black "Maslik, Miroslav"]
[Result "0-1"]
[WhiteElo "2278"]
[BlackElo "2340"]
[PlyCount "96"]
[EventDate "2016.??.??"]

1. Nf3 Nf6 2. b3 d5 3. Bb2 c5 4. g3 Nc6 5. Bg2 g6 6. Ne5 Nxe5 7. Bxe5 Bg7 8. c4
d4 9. O-O O-O 10. d3 Qb6 11. Nd2 Bd7 12. Nf3 Bc6 13. Qd2 Nd7 14. Bxg7 Kxg7 15.
Rab1 a5 16. a3 Qc7 17. b4 axb4 18. axb4 b6 19. b5 Bb7 20. Ra1 e5 21. e4 dxe3
22. Qxe3 f6 23. Nd2 Bxg2 24. Kxg2 f5 25. Qf3 Rae8 26. Qc6 Qxc6+ 27. bxc6 Nb8
28. Rfb1 Nxc6 29. Rxb6 Nb4 30. Ra7+ Rf7 31. Rxf7+ Kxf7 32. Nb3 Nxd3 33. Rc6 Re6
34. Rc7+ Re7 35. Rc6 e4 36. Nxc5 Ne5 37. Rc8 Nxc4 38. Nb3 Ne5 39. Nd4 Rd7 40.
Nc2 Rd2 41. Ne3 Nd3 42. Rc7+ Ke6 43. Rxh7 Nxf2 44. Nf1 Ra2 45. Rh8 Ng4+ 46. Kg1
Ne5 47. Ne3 Nf3+ 48. Kh1 Ke5 0-1

[Event "SR Extraliga 2016/2017"]
[Site "?"]
[Date "2017.03.24"]
[Round "9.5"]
[White "Federic, Jozef"]
[Black "Chovan, Milan"]
[Result "1/2-1/2"]
[WhiteElo "2287"]
[BlackElo "2288"]
[PlyCount "83"]
[EventDate "2016.??.??"]

1. d4 Nf6 2. Bf4 g6 3. e3 Bg7 4. Nc3 d5 5. h4 h5 6. Nf3 Bg4 7. Be2 Bxf3 8. Bxf3
c6 9. Qd3 Nbd7 10. e4 dxe4 11. Nxe4 Nxe4 12. Bxe4 Qb6 13. c3 c5 14. O-O cxd4
15. cxd4 O-O 16. Be3 Rfd8 17. Qb3 Nf6 18. Qxb6 axb6 19. Bxb7 Ra7 20. Bf3 Nd5
21. Rfd1 f5 22. Bxd5+ Rxd5 23. Rd2 f4 24. Bxf4 Rxd4 25. Rxd4 Bxd4 26. Be3 Bxb2
27. Rb1 Rxa2 28. Bxb6 Ra1 29. Rxa1 Bxa1 30. f3 Kf7 31. Kf1 Ke6 32. Ke2 Kf5 33.
Bf2 e5 34. Be3 e4 35. Bg5 Bb2 36. Bd8 Ba3 37. Bg5 Bd6 38. Ke3 Bc5+ 39. Ke2 Ke5
40. Bd8 Kf5 41. Bg5 Bd6 42. Ke3 1/2-1/2

[Event "SR Extraliga 2016/2017"]
[Site "?"]
[Date "2017.03.24"]
[Round "9.6"]
[White "Kolesar, Milan"]
[Black "Banas, Kamil"]
[Result "1/2-1/2"]
[WhiteElo "2183"]
[BlackElo "2238"]
[PlyCount "68"]
[EventDate "2016.??.??"]

1. Nf3 d5 2. d4 e6 3. c4 c6 4. Qc2 Bd6 5. Bg5 Qc7 6. e3 b6 7. Bd3 h6 8. Bh4 Nd7
9. O-O Bb7 10. Nc3 Ngf6 11. Rac1 Rc8 12. Rfe1 O-O 13. cxd5 Nxd5 14. Nxd5 cxd5
15. Qd2 Qb8 16. Bg3 Bxg3 17. hxg3 Rxc1 18. Rxc1 Rc8 19. Rc3 Rxc3 20. Qxc3 Qc8
21. Qxc8+ Bxc8 22. Kf1 f6 23. Ke1 Kf7 24. Bb5 Nb8 25. Nd2 Ba6 26. Bxa6 Nxa6 27.
a3 Ke7 28. Ke2 Nc7 29. Nb1 Nb5 30. Kd3 Nd6 31. Nc3 Kd7 32. a4 Kc6 33. b3 a6 34.
g4 Kd7 1/2-1/2

[Event "SR Extraliga 2016/2017"]
[Site "?"]
[Date "2017.03.24"]
[Round "9.7"]
[White "Dugovic, Branislav"]
[Black "Sosovicka, Juraj"]
[Result "1-0"]
[WhiteElo "2182"]
[BlackElo "2153"]
[PlyCount "59"]
[EventDate "2016.??.??"]

1. Nf3 d5 2. b3 Nf6 3. Bb2 c6 4. c4 Bf5 5. g3 e6 6. Bg2 Nbd7 7. O-O h6 8. d4
Be7 9. Nc3 O-O 10. e3 Qa5 11. Qe2 Ba3 12. Rac1 Bxb2 13. Qxb2 b5 14. b4 Qb6 15.
cxb5 cxb5 16. Qe2 a5 17. a3 Rfb8 18. Ne5 axb4 19. axb4 Qd6 20. Nxb5 Qb6 21. Rc6
Qd8 22. Rfc1 Nxe5 23. dxe5 Nd7 24. f4 Kh7 25. Nd6 Rxb4 26. Nxf5 exf5 27. Qd3 g6
28. Qxd5 Qe8 29. Rc7 Rd8 30. Rd1 1-0

[Event "SR Extraliga 2016/2017"]
[Site "?"]
[Date "2017.03.24"]
[Round "9.8"]
[White "Oprea, Erik"]
[Black "Kleman, Miroslav"]
[Result "0-1"]
[WhiteElo "2168"]
[BlackElo "2178"]
[PlyCount "110"]
[EventDate "2016.??.??"]

1. d4 Nf6 2. c4 d6 3. Nf3 Nbd7 4. Nc3 e5 5. e4 c6 6. h3 a6 7. Bd3 b5 8. Be3 Bb7
9. d5 bxc4 10. dxc6 Bxc6 11. Bxc4 Be7 12. Qd3 O-O 13. O-O-O Qa5 14. Nd2 Nc5 15.
Bxc5 Qxc5 16. Qe2 Bb5 17. Kb1 Rfc8 18. Nxb5 axb5 19. Bb3 Qb4 20. g4 Nd7 21. Qf3
Rf8 22. Nf1 Nc5 23. Bd5 Ra7 24. Ng3 Ne6 25. Qb3 Qxb3 26. Bxb3 Nd4 27. Nf5 Nxf5
28. gxf5 g6 29. f6 Bxf6 30. Rxd6 Bh4 31. Rb6 Bxf2 32. Rxb5 Bd4 33. Rb4 Kg7 34.
Rc4 f5 35. exf5 gxf5 36. Rh2 Rf6 37. Rc8 Re7 38. h4 e4 39. h5 Kh6 40. Rc4 Rd6
41. Rd2 e3 42. Rcxd4 Rxd4 43. Rxd4 e2 44. Rd6+ Kg5 45. Rd1 f4 46. Rg1+ Kxh5 47.
Bd1 f3 48. Kc2 f2 49. Rf1 Kh4 50. Bxe2 Rxe2+ 51. Kc3 Kg3 52. a4 Re1 53. Rxf2
Kxf2 54. a5 h5 55. b4 h4 0-1